00538nam a2200181Ia 450000500170000000800460001703700120006304000200007504100130009508400220010810000300013024500310016026000090019130000080020094200220020899900210023095201050025120250508153928.0008 250505s9999 xx 000 0 eng d aTextual aFEDLbengcFEDL aeng2eng a891.86, DVAqFEDL aDvaracek Jaroslav9764702 0aMuseum of czech literature c1963 a74p cTEXLh891.86, DVA c1346442d1346442 00104070aFEDLbFEDLd2025-05-08l0o891.86, DVApEL0029893r2025-05-08 15:39:28w2025-05-08yTEXL